| 000 | 00936nam a2200277 a 4500 | ||
|---|---|---|---|
| 001 | 000014260 | ||
| 005 | 20200929163538.0 | ||
| 008 | 091208s2000 sp 000 f spa d | ||
| 020 | _a8495501457 | ||
| 040 |
_aDO-SdBNP _bspa _cBNPHU |
||
| 041 | 1 | 7 |
_aspa _heng _2Código de idioma MARC |
| 082 |
_a813.54 _bR495r |
||
| 100 | 1 |
_aRice, Anne, _d1941- _911630 |
|
| 240 | 1 | 4 |
_aThe queen of the damned. _lEspañol |
| 245 | 1 | 3 |
_aLa reina de los condenados : _bcrónicas vampíricas / _cAnne Rice ; traducción de Carles Llorach. |
| 260 |
_a[Madrid] : _bSuma de Letras, _c2000. |
||
| 300 |
_a725, [10] p. ; _c18 cm. |
||
| 490 | 1 |
_aPunto de lectura _v26/3 |
|
| 534 |
_pTítulo original en inglés: _tThe queen of the damned _c1988 |
||
| 650 | 4 |
_aNovela estadounidense _9262 |
|
| 650 | 4 |
_aLiteratura estadounidense _9263 |
|
| 700 | 1 |
_aLlorach, Carles, _etr. _932198 |
|
| 830 | 0 |
_aPunto de lectura ; _v26/3 _93047 |
|
| 910 | _aWM | ||
| 049 | _aBNGR | ||
| 999 |
_c13856 _d13856 |
||